| 000 | 00344nam a2200121Ia 4500 | ||
|---|---|---|---|
| 008 | 180117s9999 xx 000 0 und d | ||
| 100 | _aby sara Grace C Fojas | ||
| 245 | _aWOrld Class | ||
| 260 | _c2017 | ||
| 300 | _a16-18 pages, 2017 June 18 | ||
| 440 | _aPhilippine Panorama | ||
| 650 | _aPHILIPPINE REGULATION COMMISSION CELEBRATES 44 YEARS | ||
| 999 |
_c353622 _d353622 |
||